Code of civil procedure, 1908(Act no 5 of 1908) (Record no. 24683)

MARC details
000 -LEADER
fixed length control field 00326nam a2200121Ia 4500
082 ## - DEWEY DECIMAL CLASSIFICATION NUMBER
Classification number 347(083.73)
Item number COD
100 ## - MAIN ENTRY--AUTHOR NAME
Personal name JAGDISH LAL
245 #0 - TITLE STATEMENT
Title Code of civil procedure, 1908(Act no 5 of 1908)
260 ## - PUBLICATION, DISTRIBUTION, ETC. (IMPRINT)
Place of publication Allahabad
Name of publisher Law
Year of publication 1976
650 ## - SUBJECT ADDED ENTRY--TOPICAL TERM
Topical Term Civil procedure code
942 ## - ADDED ENTRY ELEMENTS (KOHA)
Koha item type Books
Holdings
Withdrawn status Lost status Damaged status Not for loan Home library Current library Date acquired Cost, normal purchase price Full call number Accession Number Koha item type
        RRII Library RRII Library 16/12/2021 22.00 347(083.73) COD 05357 Books